书目信息 |
| 题名: |
唐宋传奇选
|
|
| 作者: | 张友鹤 选注 | |
| 分册: | ||
| 出版信息: | 北京 人民文学出版社 1997.05 |
|
| 页数: | 315页 | |
| 开本: | 21cm | |
| 丛书名: | ||
| 单 册: | ||
| 中图分类: | I242.1-52 | |
| 科图分类: | ||
| 主题词: | 传奇小说--chuan qi xiao shuo--中国--唐代--选集 , 传奇小说--chuan qi xiao shuo--中国--两宋时代--选集 | |
| 电子资源: | ||
| ISBN: | 978-7-02-006262-1 | |
| 000 | 00791nam0 2200241 450 | |
| 001 | 191000010478 | |
| 005 | 20080918092437.67 | |
| 010 | @a978-7-02-006262-1@dCNY18.00 | |
| 100 | @a19951112e20071997em y0chiy0121 ea | |
| 101 | 0 | @achi |
| 102 | @aCN@b110000 | |
| 105 | @aa z 000ay | |
| 200 | 1 | @a唐宋传奇选@Atang song chuan qi xuan@f张友鹤选注 |
| 210 | @a北京@c人民文学出版社@d1997.05@h2007.11 | |
| 215 | @a315页@c图@d21cm | |
| 330 | @a本书收录了任氏传、离魂记、柳氏传等传奇故事并给与了相应的注释,选配了精美的插图。 | |
| 606 | 0 | @a传奇小说@Achuan qi xiao shuo@y中国@z唐代@j选集 |
| 606 | 0 | @a传奇小说@Achuan qi xiao shuo@y中国@z两宋时代@j选集 |
| 690 | @aI242.1-52@v4 | |
| 701 | 0 | @a张友鹤@Azhang you he@4选注 |
| 801 | 0 | @aCN@c20080918 |
| 905 | @dI242.1-52@eZ230 | |
| 999 | @akzh@aLYX | |
| 唐宋传奇选/张友鹤选注.-北京:人民文学出版社,1997.05(2007.11) |
| 315页:图;21cm |
| ISBN 978-7-02-006262-1:CNY18.00 |
| 本书收录了任氏传、离魂记、柳氏传等传奇故事并给与了相应的注释,选配了精美的插图。 |
| ● |
| 相关链接 |
|
|
|
正题名:唐宋传奇选
索取号:I242.1-52/Z230
 
预约/预借
| 序号 | 登录号 | 条形码 | 馆藏地/架位号 | 状态 | 备注 |
| 1 | 678060 | 206780606 | 文学库108/108文学库 21排4列2层/ [索取号:I242.1-52/Z230] | 在馆 | |
| 2 | 678061 | 206780615 | 文学库108/108文学库 21排4列2层/ [索取号:I242.1-52/Z230] | 在馆 | |
| 3 | 678062 | 206780624 | 文学库108/108文学库 21排4列4层/ [索取号:I242.1-52/Z230] | 在馆 |